00850nam a2200205 a 4500001001000000003000900010005001700019008004100036040002500077082001900102100002600121245016200147260007700309300002800386500007300414504002800487650004300515650003100558650005500589000004829DO-SdBNP20260429123224.0090727s2006 dr a 000 0 spa d aDO-SdBNPbspacBNPHU a323.042bC128d1 aCañete Alonso, Rosa10aDemocracia efectiva :bcómo hacer incidencia política desde la sociedad civil. Dos casos de estudio en la República Dominicana /cRosa Cañete Alonso. aSanto Domingo :bCentro de Estudios Sociales Padre Juan Montalvo,c2006. a127 p. :bil. ;c23 cm. aIncluye referencias bibliográficas y notas al pie de las páginas aBibliografía : p. 127 4aSociedad civilzRepública Dominicana 0aParticipación política 0aParticipación políticazRepública Dominicana